LIBRARY & INFORMATION CENTRE, KCAET, TAVANUR

ONLINE PUBLIC ACCESS CATALOGUE (OPAC)

Speed science and technology laboratory manual / (Record no. 5527)

MARC details
000 -LEADER
fixed length control field 00500cam a2200193ua 4500
041 ## - LANGUAGE CODE
Language code of text/sound track or separate title eng
082 ## - DEWEY DECIMAL CLASSIFICATION NUMBER
Classification number 028.72631
Item number MCD/SE
100 ## - MAIN ENTRY--AUTHOR NAME
Personal name McDonald, M B .
245 ## - TITLE STATEMENT
Title Speed science and technology laboratory manual /
250 ## - EDITION STATEMENT
Edition statement 1 /
260 ## - PUBLICATION, DISTRIBUTION, ETC. (IMPRINT)
Place of publication Jodhpur :
Name of publisher Scientific Publishers ,
Year of publication 1999.
300 ## - PHYSICAL DESCRIPTION
Number of Pages 231 ; .
700 1# - ADDED ENTRY--PERSONAL NAME
Personal name Copeland, L O .
942 ## - ADDED ENTRY ELEMENTS (KOHA)
Koha item type Books
Holdings
Withdrawn status Lost status Damaged status Home library Current library Date acquired Full call number Accession Number Koha item type
      KAUAET KAUAET 07/04/2012 028.72631 20374 Reference
free website counter